Normal view
MARC view
- Fox Jerome
Entry Personal Name
001 - CONTROL NUMBER
- control field: 103415
003 - CONTROL NUMBER IDENTIFIER
- control field: NUST
005 - DATE AND TIME OF LATEST TRANSACTION
- control field: 20221123124956.0
008 - FIXED-LENGTH DATA ELEMENTS
- fixed length control field: 221123|| aca||aabn | a|a d
040 ## - CATALOGING SOURCE
- Original cataloging agency: NUST
- Transcribing agency: NUST
100 ## - HEADING--PERSONAL NAME
- Personal name: Fox Jerome
670 ## - SOURCE DATA FOUND
- Source citation: Work cat.: (NUST)181854: Fox Jerome, Proceedings of the symposium on modern advances in microwave techinques, 1958
